Dylan Thomas's places : a biographical & literary guide /

Bibliographic Details
Main Author: Davies, James A.
Format: Book
Language:English
Published: Swansea [Wales] : Christopher Davies, [1987]
Subjects:

MARC

Tag First Indicator Second Indicator Subfields
LEADER 00000cam a2200000 a 4500
001 in00000012887
005 20151007052258.0
008 880217s1987 wlkab b 00010beng d
010 |a gb 87029577  
015 |a GB87-29577 
020 |a 071540654X :  |c £12.95 
035 |a (OCoLC)16081651 
035 |9 AAA7084AM 
040 |a UKM  |c UKM  |d TXA  |d UtOrBLW 
049 |a TXAM  |c [A11031207] 
050 4 |a PR6039.H52  |b Z624 1987 
082 0 |a 821/.912  |2 19 
100 1 |a Davies, James A. 
245 1 0 |a Dylan Thomas's places :  |b a biographical & literary guide /  |c James A. Davies. 
264 1 |a Swansea [Wales] :  |b Christopher Davies,  |c [1987] 
264 4 |c ©1987 
300 |a 210 pages :  |b illustrations, maps ;  |c 22 cm. 
336 |a text  |b txt  |2 rdacontent 
337 |a unmediated  |b n  |2 rdamedia 
338 |a volume  |b nc  |2 rdacarrier 
504 |a Bibliography: page 210. 
600 1 0 |a Thomas, Dylan,  |d 1914-1953  |x Homes and haunts. 
999 |a MARS 
999 f f |s 93bbdc1b-22fb-3e8e-adcd-47fc1ce87302  |i 9c932135-3c45-35c8-95d0-7ba43e1f8af1  |t 0 
952 f f |p normal  |a Texas A&M University  |b College Station  |c Sterling C. Evans Library  |d Evans: Library Stacks  |t 0  |e PR6039.H52 Z624 1987  |h Library of Congress classification  |i unmediated -- volume  |m A14811031207 
998 f f |a PR6039.H52 Z624 1987  |t 0  |l Evans: Library Stacks